La ciudad como texto /
Guardado en:
| Autor principal: | |
|---|---|
| Formato: | Desconocido |
| Lenguaje: | Spanish |
| Materias: | |
| Etiquetas: |
Agregar Etiqueta
Sin Etiquetas, Sea el primero en etiquetar este registro!
|
MARC
| LEADER | 000000000a22000000004500 | ||
|---|---|---|---|
| 001 | 006154 | ||
| 041 | 0 | |a spa | |
| 100 | 1 | |a Butor, Michel | |
| 245 | 1 | 3 | |a La ciudad como texto / |c Michel Butor. |
| 650 | 4 | |a TEXTUALIDAD | |
| 650 | 4 | |a CIUDAD | |
| 650 | 4 | |a CIUDADES LIBRESCAS | |
| 650 | 4 | |a CIUDAD TEXTUAL | |
| 773 | 0 | |g México : Editorial de la Universidad de México |t Universidad de México: Revista de la Universidad Nacional Autónoma de México |g (1993), páginas 6-10 | |
| 942 | |c ARC | ||
| 999 | |c 12766 |d 12766 | ||
